00571cam a22001812 4500001001100000005001700011008004100028020001700069040001500086100003000101245010900131250001300240260002800253300001800281650005600299700003100355852000300386000002512120151217155238.0141204s xx 000 0 eng d a0199765133 : aKABUcKABU1 aFay, James A.@000018551910aEnergy and the environment :bscientific and technological principles /cby James A. Fay, Dan S. Golomb. a 2nd ed. aNew York :bOUP,c2012. axvii, 366 p. 0aPower resourcesxEnvironmental aspects.@00001562511 aGolomb, Dan S.@00001855201